América Latina entre el desencanto y la esperanza

Na minha lista:
Detalhes bibliográficos
Formato: Texto
Publicado em: Santa Fé, Bogotá: EZE
Assuntos:
Tags: Adicionar Tag
Sem tags, seja o primeiro a adicionar uma tag!

MARC

LEADER 00000 a a2200000 04500
001 27491
003
040
090 |a 185100  
245 |a América Latina entre el desencanto y la esperanza  
260 |a Santa Fé, Bogotá:   |b EZE  
300 |a 110 p  
650 |a DEMOCRATIZACION  
650 |a DESCENTRALIZACION  
650 |a ORGANIZACIONES NO GUBERNAMENTALES  
650 |a SOCIEDAD CIVIL  
650 |a PARTICIPACION POLITICA  
999 |c 10503  |d 10503